000 01465nam a2200241Ia 4500
003 OSt
005 20211102104111.0
008 210310s2000 cl ad fr 000 0 spa d
040 _aCO-JMCR
_cCO-JMCR
041 0 _aspa
082 0 4 _a338.97216 /
_bR934p
_223
100 1 _aRuiz Durán, Clemente,
_917724
_eautor
245 1 3 _aEl paradigma de desarrollo regional basado en la cooperación publico-privada :
_bel caso de Chihuahua, México /
_cClemente Ruiz Durán
260 _aSantiago de Chile :
_bComisión Económica para América Latina y el Caribe,
_c2000
300 _aiii, 58 páginas :
_bilustraciones y gráficas a blanco y negro ;
_c28 cm.
490 0 _aProyecto Cepal/GTZ "Desarrollo económico local y descentralización en América Latina"
504 _aBibliografía: páginas 57-58
505 0 _aUna iniciativa de desarrollo económico local basado en la cooperación pública privada -- Un territorio vasto: reconformando la geografía económica -- Alianzas y cooperación público-privada en torno a la iniciativa de desarrollo económico local -- Descentralización de instrumentos -- Conclusiones o elementos de una agenda de fortalecimiento de la descentralización
650 1 4 _aPlanificación regional
_917726
_xAspectos económicos
_zChihuahua (México)
650 2 4 _aDesarrollo económico
_zChihuahua (México)
_940695
650 2 4 _aDescentralización administrativa
_xAspectos económicos
_zChihuahua (México)
_940696
942 _2ddc
_cBK
999 _c8593
_d8593